Quizzes
Events
Quiz Creation
Community
Videos
Private Events
Remove Ads
Sign In
Join for FREE
Feedback
Dark Mode
Quiz Categories
Sports
Geography
Music
Movies
Television
Just For Fun
Miscellaneous
History
Literature
Language
Science
Gaming
Entertainment
Religion
Holiday
For Kids
Quiz Lab
Recent
Popular Today
Quiz Kudos Today
Editor Picks
Curator Picks
Quizzes by...
Day
Popularity
Type
Ratings
Length
Year
Community
Subscriptions
Recent Discussions
Orange Saloon
Badges
Playlists
Quests
Create
Leaderboards
Showdown
Live 5
Trivia Bingo
Activity
Puzzle Library
Sporcle Events
Private Events
Virtual Trivia
Globe League
Become a Host
Pub Owners
SporcleCon
Opinionation
Our Games
Videos
Blog
Mobile Apps
Partnerships
Remove Ads and Go Orange
Feedback
Sports
Athletes
MLB
NBA
NHL
NFL
Soccer
Sports Teams
WWE
NCAA
Football
Premier League
Basketball
Baseball
Hockey
Golf
Tennis
Cricket
Rugby
Auto Racing
Olympics
World Cup
Sports
Athletes
MLB
NBA
NHL
NFL
Soccer
Sports Teams
WWE
NCAA
Football
Premier League
Basketball
Baseball
Hockey
Golf
Tennis
Cricket
Rugby
Auto Racing
Olympics
World Cup
Random Quiz
Search Sporcle
×
Quiz Lab
Quiz Lab
Sports
NHL
Type in answers that appear in a list
Type in answers that appear in a list
Classic
Best Score? Go Orange.
Chicago Blackhawks MVPs Stats
Can you name the Chicago Blackhawks MVPs since 1960?
By
ObamaWhitesox
6m
61 Questions
149 Plays
149 Plays
149 Plays
Comments
Comments
Give Quiz Kudos
Give Quiz Kudos
-
- Ratings
hide this ad
More Info
Replay
Link that replays current quiz
Next Quiz
Link to next quiz in quiz playlist
You Got
0%
They Got
Avg Score
62%
Avg Friend Score
Upgrade to see
Score Distribution
Jump to the score distribution portion of the page
Score
0/61
Timer
06:00
0
Plays Today
Year
Player
% Correct
2015
Jonathan Toews
100%
2016
Patrick Kane
100%
2017
Patrick Kane
100%
2018
Patrick Kane
100%
2019
Patrick Kane
100%
2020
Patrick Kane
100%
2013 (tie)
Patrick Kane & Jonathan Toews
99.2%
1960
Bobby Hull
96.6%
1962
Bobby Hull
96.6%
1964
Bobby Hull
96.6%
1966
Bobby Hull
96.6%
1969
Bobby Hull
96.6%
1971
Bobby Hull
96.6%
1972
Bobby Hull
96.6%
2014 (tie)
Patrick Sharp & Duncan Keith
96.3%
2011
Jonathan Toews
94%
1963
Stan Mikita
91.9%
1968
Stan Mikita
91.9%
1970
Stan Mikita
91.9%
2010
Duncan Keith
91.3%
2008
Patrick Sharp
89.9%
2012
Patrick Sharp
89.9%
1983
Denis Savard
89.3%
1984
Denis Savard
89.3%
1986
Denis Savard
89.3%
1987
Denis Savard
89.3%
1988
Denis Savard
89.3%
1992
Jeremy Roenick
87.2%
1994
Jeremy Roenick
87.2%
1993
Chris Chelios
85.9%
1996
Chris Chelios
85.9%
Year
Player
% Correct
1997
Tony Amonte
75.8%
1998
Tony Amonte
75.8%
1999
Tony Amonte
75.8%
2000
Tony Amonte
75.8%
1991
Steve Larmer
68.5%
1989
Steve Larmer
68.5%
2002
Eric Daze
67.8%
1978
Doug Wilson
67.1%
1980
Doug Wilson
67.1%
1982
Doug Wilson
67.1%
1985
Doug Wilson
67.1%
1989
Doug Wilson
67.1%
1990
Doug Wilson
67.1%
2007
Martin Havlat
67.1%
2009
Martin Havlat
67.1%
1961
Pierre Pilote
62.4%
1965
Pierre Pilote
62.4%
2001
Steve Sullivan
48.3%
2003
Steve Sullivan
48.3%
1979
Bob Murray
41.6%
1981
Bob Murray
41.6%
1995
Gary Suter
35.6%
2006
Kyle Calder
31.5%
1967
Doug Mohns
24.2%
1973
Jim Pappin
24.2%
1977
Phil Russell
17.4%
2004
Bryan Berard (yes, we were that bad)
16.1%
1974
Dick Redmond
13.4%
1975
Dick Redmond
13.4%
1976
Dale Tallon
12.8%
Quiz Playlist
Details
Report
Send in Message
Add To Playlist
More Info:
Defining MVP as which player had the highest point share. I also left out goalie MVPs.
Classic:
Type in answers that appear in a list
Quiz Source
Last Updated: Feb 16, 2017
Quiz Scoreboard
CHALLENGE
Sign Up to Join the Scoreboard
Show All
Scores
Hide
Comments
May contain spoilers
Recently Published
Click the 1999 NBA Draft
by nibperrychub
Sports
2m
Alphabetical 'K' Countries by Flag Minefield
by ylime102
Geography
3m
Pick 6: Fruits
by JohnFran
Miscellaneous
15s
More to Explore
Quiz From the Vault
Featured Blog Post
15 Basketball Trivia Facts You Can Be March Mad About
hide this ad
You Might Also Like...
Tags
NHL Quiz
chicago
Chicago Blackhawks
Chicago Sports
MVP
Today's Top Quizzes in Sports
Browse Sports
hide this ad
Today's Top Quizzes in NHL
Browse NHL
Top Contributed Quizzes in Sports
1
Les joueurs à 100 buts en Ligue 1 Uber Eats
2
Pick 6: NFL Teams
3
MLB 2 truths and a lie: Hall of Fame pitchers
4
2022 World Cup Stars
5
Criteria MLB: Left Handed Sluggers
6
Millionaire: NBA Finals Edition
7
Pick 6: Minor League Baseball
8
Click the 1998 NBA Draft
9
Don't Strike Out: 3000 Strikeouts
10
Pick 6: Olympics
Explore More
Trending Topics
Marvel
Harry Potter
Kpop
Anime
NBA
Disney
Crossword
Song
Country
Puzzle
NFL
The Office
Pokémon
WWE
Soccer
hide this ad
More By:
ObamaWhitesox
Quiz
Plays
Rating
Category
Featured
Created
Stanley Cup Champion Goalies
4,450
4.53
Sports
Aug 11, 2013
NBA Final 4 1990-1999
1,789
3.50
Sports
Aug 20, 2013
All-Time NHL Division Names
984
4.11
Sports
Aug 2, 2013
MLB Final 4 2000-2015
745
3.63
Sports
Apr 6, 2013
NBA Final 4 2000-2015
670
3.67
Sports
Apr 7, 2013
Go to Creator's Profile
Score Distribution
Quiz Creator Spotlight
ObamaWhitesox
Follow
Send a Message
Quizzes Created
-
Created Quiz Play Count
-
More By This Creator
Popular Quizzes Today
1
Countries of Asia Without Outlines Minefield
2
Find the US States - No Outlines Minefield
3
Pick 6: Fruits
4
Alphabetical 'K' Countries by Flag Minefield
5
The Countries of the World
6
Find the US States
7
US States
8
Match the Book to the Film X
More Sports Quizzes
Formula One Picture Click
Editor's Pick
Trending Quizzes
Pick 6: Harry Potter
Pick 6: Mountains
Pick 6: NFL Teams
Pick 6: Flags
Pick 6: Movie Franchises
Recently Updated
NWSL Teams
pecheneg
Women's Final Four Teams by Year
bhenderson79
Presidents Quartet II
eogle
Anything But Clue(do)
eogle
Anything But Oceanian Capitals
eogle
Anything But 7
eogle
Anything But Thing
eogle
Word Ladder: February 29
pecheneg
Song Title Questions
pecheneg
Women's NCAA Tournament #1 Seeds
pecheneg
Trending Topics
Anime
NBA
Crossword
Harry Potter
Disney
Kpop
Marvel
WWE
NFL
Country
Song
Pokémon
Puzzle
Soccer
The Office
Your Account Isn't Verified!
In order to create a playlist on Sporcle, you need to verify the email address you used during registration. Go to your
Sporcle Settings
to finish the process.
Report this User
Report this user for behavior that violates our
Community Guidelines
.
Details:
Send Report
Go to the Sporcle.com Mobile Site →
Comments